|
|
|
|
| LEADER |
01498nam a2200325 a 4500 |
| 001 |
0017421 |
| 003 |
BD-DhAAL |
| 008 |
090713s2003 enk b 001 0 eng d |
| 010 |
|
|
|a 2003053271
|
| 020 |
|
|
|a 1403917280
|
| 020 |
|
|
|a 1403917299 (pbk.)
|
| 040 |
|
|
|a DLC
|c DLC
|d DLC
|d BD-DhAAL
|
| 082 |
0 |
0 |
|a 822.33
|2 21
|
| 100 |
1 |
|
|a Dusinberre, Juliet.
|9 58217
|
| 245 |
1 |
0 |
|a Shakespeare and the nature of women /
|c Juliet Dusinberre.
|
| 250 |
|
|
|a Third edition.
|
| 260 |
|
|
|a Houndmills, Basingstoke, Hampshire ;
|a New York :
|b Palgrave Macmillan,
|c 2003.
|
| 300 |
|
|
|a lxxiii, 329 p. ;
|c 23 cm
|
| 504 |
|
|
|a Includes bibliographical references (pages [309]-317) and index.
|
| 526 |
|
|
|a ENH
|x Professor Syed Manzoorul Islam
Coordinator
Department of English and Humanities
BRAC University
|
| 541 |
1 |
|
|e 00017421
|a Frinends' Book Corner
|
| 600 |
1 |
0 |
|a Shakespeare, William,
|d 1564-1616
|x Characters
|x Women.
|9 58218
|
| 650 |
|
0 |
|a Women and literature
|z England
|x History
|y 16th century.
|9 58219
|
| 650 |
|
0 |
|a Women
|z England
|x History
|y Renaissance, 1450-1600.
|9 58220
|
| 650 |
|
0 |
|a Women
|z England
|x Social conditions.
|9 31353
|
| 650 |
|
0 |
|a Women in literature.
|
| 852 |
4 |
|
|a Ayesha Abed Library
|c General Stacks
|
| 942 |
|
|
|2 ddc
|c BK
|
| 999 |
|
|
|c 2323
|d 2323
|
| 952 |
|
|
|0 0
|1 0
|2 ddc
|4 0
|6 822_330000000000000_DUS_2003
|7 0
|9 2147
|a BRACUL
|b BRACUL
|c GEN
|d 2009-07-13
|e Friends' Book Corner
|g 3274.00
|l 8
|m 66
|o 822.33 DUS
|p 3010017421
|r 2025-04-15
|s 2025-03-19
|t 1
|w 2009-07-13
|y BK
|x Requisitioned by Professor Syed Manzoorul Islam (Coordinator).
|